La iluminación del budismo
Guardado en:
| Autor principal: | |
|---|---|
| Formato: | Libro |
| Lenguaje: | español |
| Publicado: |
Barcelona
Biblioteca de Bolsillo
1998
|
| Materias: | |
| Etiquetas: |
Agregar Etiqueta
Sin Etiquetas, Sea el primero en etiquetar este registro!
|
MARC
| LEADER | 00000nam a2200000 a 4500 | ||
|---|---|---|---|
| 001 | UCQ4632 | ||
| 003 | CL-VaPUC | ||
| 008 | 980910e19980000SP |||||||||||||||||spa|d | ||
| 082 | 0 | 4 | |a 294.392 |b RAB |2 21 |
| 100 | 0 | |a Rabanne, Paco |e author |9 418800 | |
| 245 | 1 | 3 | |a La iluminación del budismo |
| 300 | |a 251 p | ||
| 942 | |c BK | ||
| 945 | |d 19980910 00:00:00 |a mvenant | ||
| 260 | |a Barcelona |b Biblioteca de Bolsillo |c 1998 | ||
| 600 | 0 | 7 | |a RIMPOCHE, BOKAR |2 CL-VaPUC |9 418801 |
| 650 | 7 | |a BUDISMO |2 CL-VaPUC |9 418802 | |
| 650 | 7 | |a MEDITACION |2 CL-VaPUC |9 313094 | |
| 650 | 0 | |a Filosofía oriental |9 319113 | |
| 583 | |a last modification |c 19980910 00:00:00 |k Rodrigo Vera | ||
| 999 | |c 274962 |d 274960 | ||
| 952 | |0 0 |1 0 |4 0 |6 294_392000000000000_RAB_1998 |7 0 |8 A |9 311393 |a BIBGIM |b BIBGIM |d 2019-11-20 |i 3462641 |o 294.392 RAB 1998 |p 3462641 |r 2025-01-15 |w 2019-11-20 |y BK |k ORI | ||